JetPunk Feud #3 - World Capitals - Statistics

General Stats
  • This quiz has been taken 315 times
  • The average score is 5 of 10
Answers on the Map
Answers color-coded by a green-red scale on the quiz's map according to % correct below.
 
Answer Stats
Answer % Correct
Washington D.C.
97%
Paris
92%
London
91%
Rome
69%
Berlin
64%
Madrid
57%
Moscow
56%
Dublin
9%
Athens
8%
Vatican City
1%
No matching quizzes found
Score Distribution
Percent of People with Each Score
Percentile by Number Answered
Your Score History
You have not taken this quiz